Turbo -Basic. 2.časť : Príručka programátora

Guardado en:
Detalles Bibliográficos
Formato: Libro
Lenguaje:eslovaco
Publicado: Bratislava : Datasystém, 1989
Edición:1.vyd.
Materias:
Etiquetas: Agregar Etiqueta
Sin Etiquetas, Sea el primero en etiquetar este registro!

MARC

LEADER 00000nam a22000003a 4500
001 stu43654
005 20150408180325.8
008 941121s1989----cs------------------slo-d
040 |a STU  |b slo 
041 0 |a slo 
044 |a cs 
080 |a 519.68 
245 |a Turbo -Basic. 2.časť :  |b Príručka programátora 
250 |a 1.vyd. 
260 |a Bratislava :  |b Datasystém,  |c 1989 
300 |a 300-443 s 
650 7 |a Programovanie:Turbo-Basic  |2 stusub 
650 7 |a Turbo-Basic  |2 stusub 
650 7 |a programovanie  |2 stusub 
996 |b 284M022967  |c M*7125/2-2  |l MMKN  |s A  |a 24  |w stu43654_0001